00797nam a22002417a 450000500170000001000130001702000100003003500130004003700170005304000120007008200150008210000280009724500890012526000460021427000130026030000270027350000200030065000280032065000210034894200240036999900190039395201430041220170124110013.0 aA-861605 c00.00 aA-861605 bCen Lib/ Ret aDPLbEN a005.3bNEI aNeibaes, Alan R.918247 aMicrosoft word for windows 95 made easy :cby Alan R. Neibauerbbasics and beyond / aNew YorkbTata Mcgraw hill company c1995 bNew York a494p.:c22cm(Hb)bill. aIncludes index  aCompuet science 918248 aSoftwares918249 2ddccENh005.3mNEI c126703d126703 04104070aLbLd2015-06-26eCen Lib/Retg0.00l0o005.3 NEIpA-861605r2015-06-26 00:00:00t1v0.00w2015-06-26yENzW/d list no. 6809/8